Pensar la educación, hacer investigación

Pensar la educación, hacer investigación reúne un conjunto de artículos, algunos de ellos inéditos y otros publicados en distintos medios, en torno al problema de la investigación científica en educación y en ciencias sociales. La primera parte del 'libro agrupa ensayos de carácter filosófico r...

Celý popis

Podrobná bibliografie
Hlavní autor: Herrera González, José Darío (autor)
Médium: Kniha
Jazyk:Spanish
Vydáno: Bogotá: Universidad de la Salle, 2014.
Vydání:Primera edición /
Témata:
On-line přístup:Libro digital: Primera edición 2013

MARC

LEADER 00000nam a2200000 i 4500
003 Ucuenca
005 20230308231034.0
006 a||||fr|||| 001 ||
007 ta
008 210204s2014 ck aaaaf |||| 001 0 spa a
020 |a 978-958-8577-66-6 
040 |a UCuenca-cdrjbv  |b spa  |c UCuenca  |e rda 
041 0 |a spa 
082 0 |2 22  |a 378.007  |c 29760258 
100 1 |9 217562  |a Herrera González, José Darío.  |e autor 
245 0 0 |a Pensar la educación, hacer investigación  |c José Darío Herrera. 
250 |a Primera edición /   |b primera reimpresión. 
264 1 |a Bogotá:   |b Universidad de la Salle,   |c 2014. 
300 |a 194 páginas:   |b ilu  |c 24 cm 
336 |2 rdacontent  |a texto  |b txt 
337 |2 rdamedia  |a no mediado  |b n 
338 |2 rdacarrier  |a volumen  |b nc 
505 1 |a Pensar la ciencia -- Razón científica y pensamiento hermenéutico en Pierre de Bourdieu -- Pensamiento complejo e investigación científica -- La investigación en las ciencias sociales -- Pensar la educación -- El giro interpretativo de la pedagogía -- La formación de docentes investigadores -- Caracterización de las prácticas pedagógicas -- Hacer investigación -- Mirada observacional/mirada implicativa -- Los métodos cualitativos de investigación y su aporte para la comprensión y transformación del desarrollo comunitario -- La conciencia metódica y los métodos de investigación en ciencias sociales. 
520 3 |a Pensar la educación, hacer investigación reúne un conjunto de artículos, algunos de ellos inéditos y otros publicados en distintos medios, en torno al problema de la investigación científica en educación y en ciencias sociales. La primera parte del 'libro agrupa ensayos de carácter filosófico relacionados con el lugar que en la actualidad ocupa la tradición hermenéutica para pensar la validez, el carácter y las implicaciones políticas de Ia investigación científica. La segunda parte se concentra en algunos aspectos claves del campo de la educación, como las prácticas pedagógicas y la formación docente, los cuales, al ser comprendidos desde la perspectiva hermenéutica, adquieren una importancia mayor para entender lo que está en juego en las aulas de clase. Finalmente, la tercera parte se dedica, desde la tradición hermenéutica, a reflexionar sobre algunos problemas clásicos de la investigación científica muy importantes para la práctica profesional de la investigación en ciencias sociales y en educación. Las tres partes de la obra, en conjunto, ofrecen un panorama sobre las aplicaciones contemporáneas de la hermenéutica al campo de la ciencia, de la educación y de la práctica investigativa. 
650 1 7 |2 UCuenca-cdrjbv  |9 30763  |a Educación e investigación 
650 1 7 |2 UCuenca-cdrjbv  |9 10521  |a Investigación 
650 1 7 |2 UCuenca-cdrjbv  |9 11827  |a Hermenéutica 
650 1 7 |2 UCuenca-cdrjbv  |9 7436  |a Metodología de la investigación 
651 |2 UCuenca-cdrjbv 
856 4 0 |u https://www.fceia.unr.edu.ar/geii/maestria/2014/DraSanjurjo/8mas/Jose%20Dario%20Herrera,%20Pensar%20la%20educacion,%20hacer%20la%20investigacion.pdf  |z Libro digital: Primera edición 2013 
942 |2 ddc  |c BK  |z rocío.campoverde@ucuenca.edu.ec 
999 |c 159224  |d 159224